000 00800nam a2200193Ia 4500
008 151121s9999||||xx |||||||||||||| ||und||
082 _a812/देशपां
082 _bHNW-57120
100 _aदेशपांडे वि। भा- संपा
245 _aप्रयोगक्षम निवडक एकांकिका
260 _b"मेहता पब्लि। हाऊस, पुणे।"
260 _c--
300 _a112
600 _aदेशपांडे वि। भा- संपा
630 _aप्रयोगक्षम निवडक एकांकिका
700 _aदेशपांडे वि। भा- संपा
730 _aप्रयोगक्षम निवडक एकांकिका
942 _cBOOK
999 _c1239441
_d1239438